The Ghost (Record no. 34832)
[ view plain ]
| 000 -LEADER | |
|---|---|
| fixed length control field | 02859nam a22004097a 4500 |
| 003 - CONTROL NUMBER IDENTIFIER | |
| control field | dpl |
| 005 - DATE AND TIME OF LATEST TRANSACTION | |
| control field | 20100322154743.0 |
| 007 - PHYSICAL DESCRIPTION FIXED FIELD--GENERAL INFORMATION | |
| fixed length control field | DVD |
| 008 - FIXED-LENGTH DATA ELEMENTS--GENERAL INFORMATION | |
| fixed length control field | 050907s2005 cau105 g 00| 0 eng d |
| 010 ## - LIBRARY OF CONGRESS CONTROL NUMBER | |
| LC control number | DVD-007229-7237 |
| 024 ## - OTHER STANDARD IDENTIFIER | |
| Terms of availability | 69.00 |
| 035 ## - SYSTEM CONTROL NUMBER | |
| System control number | DVD-007229-7237 |
| 040 ## - CATALOGING SOURCE | |
| Original cataloging agency | DPL |
| Transcribing agency | DPL |
| 092 ## - LOCALLY ASSIGNED DEWEY CALL NUMBER (OCLC) | |
| Classification number | DVD THEG |
| 245 ## - TITLE STATEMENT | |
| Title | The Ghost |
| Medium | [videorecording] DVD / |
| Statement of responsibility, etc | Diskovery Video & laser Co. Pvt. Ltd. Presents |
| 260 ## - PUBLICATION, DISTRIBUTION, ETC. (IMPRINT) | |
| Name of publisher, distributor, etc | Diskovery Video |
| 300 ## - PHYSICAL DESCRIPTION | |
| Extent | 2 videocassette (VCD); |
| Other physical details | sd., col. ; |
| Dimensions | 4-3/4 in. |
| Type of unit | VCD |
| 440 ## - SERIES STATEMENT/ADDED ENTRY--TITLE | |
| Title | Diskovery Video |
| 538 ## - SYSTEM DETAILS NOTE | |
| System details note | Dolby digital 5.1, English |
| 538 ## - SYSTEM DETAILS NOTE | |
| System details note | This is a Videio CD with digital audio, full Motion video and Play Back Controls Suitable for Video CD, LD, DVD Player and Multimedia PCs with MPEG card. |
| 650 ## - SUBJECT ADDED ENTRY--TOPICAL TERM | |
| Topical term or geographic name as entry element | Motion Picture |
| 700 ## - ADDED ENTRY--PERSONAL NAME | |
| Personal name | Steele, Barbara |
| 700 ## - ADDED ENTRY--PERSONAL NAME | |
| Personal name | Steele, Barbara |
| 700 ## - ADDED ENTRY--PERSONAL NAME | |
| Personal name | Baldwin, Peter |
| 700 ## - ADDED ENTRY--PERSONAL NAME | |
| Personal name | Elliot, Leonard |
| 942 ## - ADDED ENTRY ELEMENTS (KOHA) | |
| Koha item type | CD-ROMs, DVDs, VHS |
| Source of classification or shelving scheme | Dewey Decimal Classification |
| Classification part | DVD |
| Call number suffix | THEG |
| Withdrawn status | Lost status | Source of classification or shelving scheme | Damaged status | Not for loan | Home library | Current library | Date acquired | Source of acquisition | Cost, normal purchase price | Total Checkouts | Full call number | Barcode | Date last seen | Date checked out | Copy number | Cost, replacement price | Price effective from | Koha item type |
|---|---|---|---|---|---|---|---|---|---|---|---|---|---|---|---|---|---|---|
| Dewey Decimal Classification | Central Library | Central Library | 22/03/2010 | Pioneers/1111/30-12-09/325/13-10-09 /30-12-09 | 69.00 | 8 | DVD THEG | DVD-007229 | 19/03/2014 | 13/03/2014 | 1 | 69.00 | 22/03/2010 | CD-ROMs, DVDs, VHS | ||||
| Dewey Decimal Classification | Janak Puri | Janak Puri | 22/03/2010 | Pioneers/1111/30-12-09/325/13-10-09 /30-12-09 | 69.00 | 12 | DVD THEG | DVD-007231 | 14/08/2013 | 31/07/2013 | 1 | 69.00 | 22/03/2010 | CD-ROMs, DVDs, VHS | ||||
| Dewey Decimal Classification | Karol Bagh | Karol Bagh | 22/03/2010 | Pioneers/1111/30-12-09/325/13-10-09 /30-12-09 | 69.00 | 2 | DVD THEG | DVD-007235 | 21/01/2013 | 14/01/2013 | 1 | 69.00 | 22/03/2010 | CD-ROMs, DVDs, VHS | ||||
| Dewey Decimal Classification | Narela | Narela | 22/03/2010 | Pioneers/1111/30-12-09/325/13-10-09 /30-12-09 | 69.00 | 4 | DVD THEG | DVD-007236 | 28/04/2011 | 18/09/2010 | 1 | 69.00 | 22/03/2010 | CD-ROMs, DVDs, VHS | ||||
| Dewey Decimal Classification | Patel Nagar | Patel Nagar | 22/03/2010 | Pioneers/1111/30-12-09/325/13-10-09 /30-12-09 | 69.00 | 3 | DVD THEG | DVD-007230 | 15/05/2012 | 11/03/2011 | 1 | 69.00 | 22/03/2010 | CD-ROMs, DVDs, VHS | ||||
| Dewey Decimal Classification | R.K.Puram-8 | R.K.Puram-8 | 22/03/2010 | Pioneers/1111/30-12-09/325/13-10-09 /30-12-09 | 69.00 | 3 | DVD THEG | DVD-007233 | 07/09/2013 | 06/09/2013 | 1 | 69.00 | 22/03/2010 | CD-ROMs, DVDs, VHS | ||||
| Dewey Decimal Classification | Sarojini Nagar | Sarojini Nagar | 22/03/2010 | Pioneers/1111/30-12-09/325/13-10-09 /30-12-09 | 69.00 | 4 | DVD THEG | DVD-007232 | 09/07/2011 | 25/06/2011 | 1 | 69.00 | 22/03/2010 | CD-ROMs, DVDs, VHS | ||||
| Dewey Decimal Classification | Shahdara Branch | Shahdara Branch | 22/03/2010 | Pioneers/1111/30-12-09/325/13-10-09 /30-12-09 | 69.00 | DVD THEG | DVD-007237 | 22/03/2010 | 1 | 69.00 | 22/03/2010 | CD-ROMs, DVDs, VHS | ||||||
| Dewey Decimal Classification | Vinoba Puri | Vinoba Puri | 22/03/2010 | Pioneers/1111/30-12-09/325/13-10-09 /30-12-09 | 69.00 | 4 | DVD THEG | DVD-007234 | 10/05/2012 | 04/05/2012 | 1 | 69.00 | 22/03/2010 | CD-ROMs, DVDs, VHS |
